Digital Platform Regulation : Global Perspectives on Internet Governance.

Bibliographic Details
Main Author: Flew, Terry.
Other Authors: Martin, Fiona R.
Format: eBook
Language:English
Published: Cham : Springer International Publishing AG, 2022.
Edition:1st ed.
Series:Palgrave Global Media Policy and Business Series
Subjects:
Online Access:Click to View
LEADER 01654nam a22004093i 4500
001 EBC6998235
003 MiAaPQ
005 20231204023224.0
006 m o d |
007 cr cnu||||||||
008 231204s2022 xx o ||||0 eng d
020 |a 9783030952204  |q (electronic bk.) 
020 |z 9783030952198 
035 |a (MiAaPQ)EBC6998235 
035 |a (Au-PeEL)EBL6998235 
035 |a (OCoLC)1330933317 
040 |a MiAaPQ  |b eng  |e rda  |e pn  |c MiAaPQ  |d MiAaPQ 
050 4 |a P95.8-.82 
082 0 |a 384.334 
100 1 |a Flew, Terry. 
245 1 0 |a Digital Platform Regulation :  |b Global Perspectives on Internet Governance. 
250 |a 1st ed. 
264 1 |a Cham :  |b Springer International Publishing AG,  |c 2022. 
264 4 |c Ã2022. 
300 |a 1 online resource (327 pages) 
336 |a text  |b txt  |2 rdacontent 
337 |a computer  |b c  |2 rdamedia 
338 |a online resource  |b cr  |2 rdacarrier 
490 1 |a Palgrave Global Media Policy and Business Series 
588 |a Description based on publisher supplied metadata and other sources. 
590 |a Electronic reproduction. Ann Arbor, Michigan : ProQuest Ebook Central, 2023. Available via World Wide Web. Access may be limited to ProQuest Ebook Central affiliated libraries.  
655 4 |a Electronic books. 
700 1 |a Martin, Fiona R. 
776 0 8 |i Print version:  |a Flew, Terry  |t Digital Platform Regulation  |d Cham : Springer International Publishing AG,c2022  |z 9783030952198 
797 2 |a ProQuest (Firm) 
830 0 |a Palgrave Global Media Policy and Business Series 
856 4 0 |u https://ebookcentral.proquest.com/lib/matrademy/detail.action?docID=6998235  |z Click to View